000 00706nam a2200229Ia 4500
003 OSt
005 20241104103012.0
008 210716s2007 xx 000 0 und d
020 _a9780230327764
040 _cAIMIT LIBRARY
041 _aeng
082 _a519.5
_21
_bTAYS
100 _aTaylor, Sonia.
_9183924
245 _aBusiness statistics for non mathematicians /
_cBy Sonia Taylor.
250 _a2nd ed.
260 _aNew Delhi :
_bPalgrave macmillan ,
_c2007.
300 _axvi,368p. ;
_bPB
_c24 cm
650 _aGraphical respresentation of data
_9183925
650 _aNumerical summary of data
_9183926
650 _aCorrelation and regression
_9183927
942 _2ddc
_cBK
_e1st
_k519.5 TAYS
999 _c205987
_d205987